01015pam a2200289 a 45000010008000000030004000080050017000120080041000290100017000700200015000870400018001020500018001200820020001381000020001582450052001782500012002302600051002423000043002935040037003366500031003736500034004049060045004389420012004839990015004959520098005109520117006082436644OSt20240402152958.0880325s1989 caua b 001 0 eng  a 88011771  a053409726X aDLCcDLCdDLC00aH62b.B2 198900a001.42219bBAB1 aBabbie, Earl R.14aThe practice of social research /cEarl Babbie. a5th ed. aBelmont, Calif. :bWadsworth Pub. Co.,cc1989. axxvii, 501, [143] p. :bill. ;c25 cm. aIncludes bibliography and index. 0aSocial sciencesxResearch. 0aSocial sciencesxMethodology. a7bcbccorignewd1eocipf19gy-gencatlg 2ddccBK c2726d2726 00102ddc40708CSaCLbCLcCSd2016-03-16o001.42 BABpS3H-N-29r2016-03-16w2016-03-16yBK 00102ddc40708CSaCLbCLcCSd2017-03-06l1m1o001.42 BABpS3H-N-300r2021-03-04s2017-10-19w2017-03-06yBK